| 000 | 00692cam a2200253ua 4500 | ||
|---|---|---|---|
| 001 | 9639 | ||
| 008 | 160311n ii |||gr||||Z||||||eng | ||
| 020 | _a9789382750765 | ||
| 040 | _cMAIN | ||
| 041 | _aeng | ||
| 082 | _a330.954162 | ||
| 100 |
_aPhukon, Sanjib Kumar, _eAuthor. |
||
| 245 | 1 |
_aEconomic issues of Assam _cby Sanjib Kumar Phukon and others |
|
| 250 | _a1st ed. | ||
| 260 |
_aDibrugarh: _bBanalata, _c2015. |
||
| 300 | _a135p. | ||
| 653 | _aEconomics | ||
| 653 | _aEconomy of Assam | ||
| 700 |
_aSharma, Jhorna, _eAuthor. |
||
| 700 |
_aMachey, Ashwini, _eAuthor. |
||
| 700 |
_aBuragohain, Pranjal Pratim, _eAuthor. |
||
| 700 |
_aLahon, Ratul Kumar, _eAuthor. |
||
| 942 | _cBK | ||
| 999 |
_c8667 _d8667 |
||